000 00358nam a2200157Ia 4500
003 Ost
005 20260225132541.0
008 260225s9999||||xx |||||||||||||| ||und||
040 _cfsic
041 _afre
082 _a363.3
100 _aYves Baunsvick
_eAuteur
245 0 _aNaissance d'une civilisation /
245 0 _cYves Baunsvick
942 _cكتاب
999 _c33521
_d33521